Central Library OPAC University of Rajshahi

D. H. Lawrence, novelist / (Record no. 21003)

MARC details
000 -LEADER
fixed length control field 00740nam a2200241u 4500
001 - CONTROL NUMBER
control field 21003
003 - CONTROL NUMBER IDENTIFIER
rucl marc code BD-RjUL
005 - DATE AND TIME OF LATEST TRANSACTION
control field 20211209000634.0
008 - FIXED-LENGTH DATA ELEMENTS--GENERAL INFORMATION
fixed length control field 140303s19671955enk 001 1beng
035 ## - SYSTEM CONTROL NUMBER
System control number (BD-RjUL)21065
040 ## - CATALOGING SOURCE
Original cataloging agency DLC
Transcribing agency CarP
Modifying agency DLC
-- DLC
-- BD-RjUL
Language of cataloging eng
041 ## - LANGUAGE CODE
Language code of text/sound track or separate title eng
082 ## - DEWEY DECIMAL CLASSIFICATION NUMBER
Edition number 20
Classification number 823.912
Author mark and year LED 1967
100 1# - MAIN ENTRY--PERSONAL NAME
Personal name Leavis, F. R.
Fuller form of name (Frank Raymond),
Dates associated with a name 1895-1978.
9 (RLIN) 53241
245 00 - TITLE STATEMENT
Title D. H. Lawrence, novelist /
Statement of responsibility, etc. F. R. Leavis.
260 ## - PUBLICATION, DISTRIBUTION, ETC. (IMPRINT)
Place of publication, distribution, etc. London :
Name of publisher, distributor, etc. Chatto & Windus,
Date of publication, distribution, etc. 1967.
300 ## - PHYSICAL DESCRIPTION
Pagination 318 p. ;
Size 23 cm.
504 ## - BIBLIOGRAPHY, ETC. NOTE
Bibliography, etc Includes index.
600 10 - SUBJECT ADDED ENTRY--PERSONAL NAME
Personal name Lawrence, D. H.
Fuller form of name (David Herbert),
Dates associated with a name 1885-1930.
General subdivision Criticism and interpretation.
942 ## - ADDED ENTRY ELEMENTS (KOHA)
Source of classification or shelving scheme Dewey Decimal Classification
Koha item type Books
Holdings
Lost status Source of classification or shelving scheme Damaged status Not for loan Collection code Permanent Location Current Location Shelving location Date acquired Source of acquisition Cost, normal purchase price Total Checkouts Full call number Date last seen Copy number Koha item type
  Dewey Decimal Classification     Fiction Central Library, University of Rajshahi Central Library, University of Rajshahi   11/01/1971 Zitlinger 30.00   823.912 LED 1967 03/03/2014 C-3 Books
  Dewey Decimal Classification     Fiction Central Library, University of Rajshahi Central Library, University of Rajshahi   02/11/1965 ABC 17.20   823.912 LED 1967 04/03/2014 C-2 Books